Big Brother US Winners (up to Season 26) - Statistics

General Stats
  • This quiz has been taken 153 times
  • The average score is 21 of 26
Answer Stats
Season Winner % Correct
Season 10 Dan Gheesling
94%
Season 18 Nicole Frankel
94%
Season 2 Will Kirby
93%
Season 14 Ian Terry
92%
Season 13 Rachel Reilly
91%
Season 22 Cody Calafiore
89%
Season 24 Taylor Hale
89%
Season 16 Derrick Levasseur
88%
Season 19 Josh Martinez
88%
Season 7 Mike Malin
86%
Season 23 Xavier Prather
86%
Season 26 Chelsie Baham
84%
Season 4 Jun Song
84%
Season 17 Steve Moses
84%
Season 15 Andy Herren
83%
Season 25 Jag Bains
83%
Season 8 Dick Donato
82%
Season 20 Kaycee Clark
80%
Season 12 Hayden Moss
78%
Season 21 Jackson Michie
78%
Season 11 Jordan Lloyd
74%
Season 3 Lisa Donahue
71%
Season 5 Drew Daniel
70%
Season 6 Maggie Ausburn
70%
Season 1 Eddie McGee
66%
Season 9 Adam Jasinski
64%
No matching quizzes found
Score Distribution
Percent of People with Each Score
Percentile by Number Answered
Your Score History
You have not taken this quiz